000 00494nam a2200169Ia 4500
008 231221s9999 xx 000 0 und d
041 _aEnglish
082 _a001.6424WIN MIC1;
100 _aMicrosoft
245 0 _aWindows 2000 server : MCSA/MCSE self-packed training kit, exam 70-215
250 _a2nd ed
260 _c2003
_bPHI
_aNew Delhi
300 _alxiv+1321
300 _c25756
650 _aWindows,2000,server,:,MCSA/MCSE,self-packed,training,kit,,exam,70-215
942 _cCD
999 _c202760
_d202760